00335nam a22001097a 4500020001500000040000900015082001800024100002500042245008300067260003300150650004200183 a0872633586 cNUST a620.11bSTR'F aStrong, Brent. A. Dr aFundamentals Of Composites Manufacturing: Materials, Methods, and Applications aMichigan:bSME Drive,c1989. aA course In Fuzzy Systems and Control